1828 1137 1174 1407 1502 1867 1991 1004 1469 1435 1586 1634 1388 1583 1739 1894 1241 1840 1676 1423 1800 1464 1439 1864 1455 1443 1301 1204 1931 1578 1598 1236 1502 1254 1323 1356 1966 1914 1288 1312 1075 1785 1831 1066 1777 1430 1115 1214 1743 1795 1144 1187 1971 1515 1878 1002 1581 1329 1777 1173 1039 1929 1270 1771 1610 1077 1717 1866 1366 1946 1206 1197 1736 1200 1922 1066 1977 1115 1137 1259 1452 1503 1602 1856 1748 1211 1750 1743 1935 2000 1316 1818 1060 1540 1820 1947 1135 1440 1817 BCNSPRNW ULIB Ver.6.0+V

เปลี่ยนเป็นภาษาไทย

Change to English
 แสดงรายละเอียดบรรณานุกรม
  กลับหน้าหลัก

Brief Record : Get Marc (ISO 2709) : E-mail record : QR code < ปิดหน้าต่าง
LEADER : 00000nam a2200000 a 4500
001    13399114636
003     ULIB
008    980928s2554 th 000 0 tha d
020    ^a9786167322360
060 04 ^aWY105^bพ871ภ
100 0  ^aพูลสุข หิงคานนท์
245 10 ^aภาวะผู้นำทางการพยาบาล /^cพูลสุข หิงคานนท์
250    ^aพิมพ์ครั้งที่ 1
260    ^a[พิษณุโลก] :^bดวงเงินการพิมพ์ ,^c2554
300    ^a70 หน้า:^c21 ซม.
650  4 ^aการพยาบาล, บริการ^xองค์การและการบริหาร
650  4 ^aผู้นำ
650  4 ^aพยาบาล
945    ^p0^l0^i031675
995    ^aเกษร
999 ^a ใช้งานได้ทุกระบบ
รายการนี้ยังไม่มีแท็ก
คุณยังไม่ได้ล็อกอิน คุณสามารถมีกิจกรรมร่วมกับเว็บไซต์ได้ แต่ต้องล็อกอินก่อน ::
  ล็อกอิน

รายการสื่อสารสนเทศ

ลำดับที่ ประเภท เลขเรียก/บาร์โค้ด สถานที่ สถานะ
- ไม่พบข้อมูล -

รายการใกล้เคียง
    หัวเรื่อง [ผู้นำ]
    หัวเรื่อง [พยาบาล]

BibComment


ยังไม่เคยถูกคอมเมนท์

คอมเมนท์ทรัพยากรรายการนี้
  คอมเมนท์: ภาวะผู้นำทางการพ..


 Copyright 2026. Bcnsprnw @Library